[Event "Festival International d'échecs de Condom 2017"]
[Site "Condom"]
[Date "2017.07.10"]
[Round "4.2"]
[White "Laurent-Paoli, Pierre"]
[Black "Bissieres, Matthieu"]
[Result "1/2-1/2"]
[BlackElo "2367"]
[WhiteElo "2290"]
[LiveChessVersion "1.4.8"]

1. d4 {[%clk 1:30:56]} g6 {[%clk 1:30:48]} 2. c4 {[%clk 1:29:51]} Bg7
{[%clk 1:30:00]} 3. e4 {[%clk 1:29:50]} d6 {[%clk 1:27:52]} 4. Nc3
{[%clk 1:29:46]} Nd7 {[%clk 1:25:42]} 5. f4 {[%clk 1:27:20]} e5 {[%clk 1:17:52]}
6. fxe5 {[%clk 1:27:44]} dxe5 {[%clk 1:18:12]} 7. d5 {[%clk 1:28:09]} Ngf6
{[%clk 1:11:43]} 8. Nf3 {[%clk 1:26:34]} O-O {[%clk 1:11:51]} 9. Bd3
{[%clk 1:26:53]} c6 {[%clk 1:06:15]} 10. O-O {[%clk 1:25:38]} cxd5
{[%clk 1:03:36]} 11. cxd5 {[%clk 1:25:08]} b5 {[%clk 0:57:17]} 12. a3
{[%clk 1:18:14]} a6 {[%clk 0:54:32]} 13. Kh1 {[%clk 1:10:20]} Ne8
{[%clk 0:51:10]} 14. Bg5 {[%clk 1:06:57]} f6 {[%clk 0:51:13]} 15. Be3
{[%clk 1:07:16]} Nd6 {[%clk 0:51:27]} 16. b4 {[%clk 1:01:15]} Bb7
{[%clk 0:43:27]} 17. Qe2 {[%clk 0:54:49]} Rc8 {[%clk 0:40:33]} 18. Rfc1
{[%clk 0:51:04]} h6 {[%clk 0:30:15]} 19. a4 {[%clk 0:39:32]} f5 {[%clk 0:29:30]}
20. Nd2 {[%clk 0:39:04]} fxe4 {[%clk 0:24:29]} 21. Ndxe4 {[%clk 0:35:46]} Nxe4
{[%clk 0:23:19]} 22. Bxe4 {[%clk 0:35:55]} bxa4 {[%clk 0:19:57]} 23. Qg4
{[%clk 0:30:23]} Nf6 {[%clk 0:15:05]} 24. Qxg6 {[%clk 0:30:25]} Nxe4
{[%clk 0:14:26]} 25. Qxe4 {[%clk 0:18:27]} Qd7 {[%clk 0:14:05]} 26. Kg1
{[%clk 0:08:59]} Rf7 {[%clk 0:13:09]} 27. h3 {[%clk 0:08:51]} Kh8
{[%clk 0:11:36]} 28. Qh4 {[%clk 0:07:33]} Rf6 {[%clk 0:10:59]} 29. Qe4
{[%clk 0:05:42]} Qf7 {[%clk 0:10:12]} 30. Nxa4 {[%clk 0:04:41]} Rxc1+
{[%clk 0:05:00]} 31. Rxc1 {[%clk 0:05:07]} Qxd5 {[%clk 0:04:34]} 32. Qxd5
{[%clk 0:02:07]} Bxd5 {[%clk 0:04:54]} 1/2-1/2

[Event "Festival International d'échecs de Condom 2017"]
[Site "Condom"]
[Date "2017.07.10"]
[Round "4.3"]
[White "Said, Brih"]
[Black "Grishchenko, Sergey"]
[Result "1/2-1/2"]
[BlackElo "2439"]
[WhiteElo "2316"]
[LiveChessVersion "1.4.8"]

1. Nf3 {[%clk 1:26:30]} Nf6 {[%clk 1:30:44]} 2. d4 {[%clk 1:26:34]} c5
{[%clk 1:29:01]} 3. c3 {[%clk 1:25:48]} e6 {[%clk 1:29:04]} 4. Bf4
{[%clk 1:25:44]} Nc6 {[%clk 1:29:04]} 5. e3 {[%clk 1:25:44]} d5 {[%clk 1:29:04]}
6. Nbd2 {[%clk 1:25:44]} Bd6 {[%clk 1:29:04]} 7. Ne5 {[%clk 1:25:44]} Qc7
{[%clk 1:29:04]} 8. Ndf3 {[%clk 1:25:44]} Ne4 {[%clk 1:29:04]} 9. Nxc6
{[%clk 1:25:44]} bxc6 {[%clk 1:29:04]} 10. Bxd6 {[%clk 1:25:44]} Qxd6
{[%clk 1:29:04]} 11. Bd3 {[%clk 1:25:44]} Nf6 {[%clk 1:29:04]} 1/2-1/2

[Event "Festival International d'échecs de Condom 2017"]
[Site "Condom"]
[Date "2017.07.10"]
[Round "4.4"]
[White "Brice, Marty"]
[Black "Mirzoev, Emil"]
[Result "0-1"]
[BlackElo "2448"]
[WhiteElo "2122"]
[LiveChessVersion "1.4.8"]

1. d4 Nf6 2. Nf3 d6 3. c4 g6 4. Nc3 Bf5 5. Ng5 Bg7 6. e4 Bc8 7. Be2 O-O 8. h4 h6
9. Nh3 c5 10. d5 b5 11. cxb5 a6 12. g4 axb5 13. g5 hxg5 14. Nxg5 b4 15. Nb1 e6
16. h5 gxh5 17. Bxh5 exd5 18. exd5 Nbd7 19. Rg1 Qe7+ 20. Be3 Nb6 21. Bf3 Nc4 22.
Qd3 Ba6 23. Nd2 Nxb2 24. Qf5 Nd3+ 25. Kd1 Ne5 26. Nde4 Ng6 27. Nxf7 Qxf7 28. Qxg6
Qxg6 29. Rxg6 Bd3 30. Bh6 Kh7 31. Bxg7 Kxg6 32. Bxf8 Bxe4 33. Bxe4+ Nxe4 34. Bxd6
Nxd6 35. Rc1 c4 0-1

[Event "Festival International d'échecs de Condom 2017"]
[Site "Condom"]
[Date "2017.07.11"]
[Round "5.1"]
[White "Lemeaux, David"]
[Black "Lacroix, Romain"]
[Result "1-0"]
[BlackElo "2248"]
[WhiteElo "2344"]
[LiveChessVersion "1.4.8"]

1. d4 {[%clk 1:30:54]} Nf6 {[%clk 1:30:51]} 2. c4 {[%clk 1:31:16]} e6
{[%clk 1:31:12]} 3. g3 {[%clk 1:31:41]} d5 {[%clk 1:31:27]} 4. Nf3
{[%clk 1:31:54]} dxc4 {[%clk 1:30:42]} 5. Bg2 {[%clk 1:32:16]} a6
{[%clk 1:30:38]} 6. a4 {[%clk 1:28:13]} Nc6 {[%clk 1:30:11]} 7. O-O
{[%clk 1:28:13]} Rb8 {[%clk 1:27:55]} 8. e3 {[%clk 1:22:42]} b5 {[%clk 1:17:17]}
9. axb5 {[%clk 1:18:47]} axb5 {[%clk 1:16:36]} 10. b3 {[%clk 1:18:41]} cxb3
{[%clk 1:14:36]} 11. Qxb3 {[%clk 1:18:54]} Be7 {[%clk 1:12:22]} 12. Rd1
{[%clk 1:09:59]} Bd7 {[%clk 0:55:40]} 13. Nbd2 {[%clk 0:43:12]} O-O
{[%clk 0:51:37]} 14. Qb1 {[%clk 0:38:20]} Nd5 {[%clk 0:46:10]} 15. Bb2
{[%clk 0:38:20]} Nb6 {[%clk 0:34:51]} 16. Rc1 {[%clk 0:30:13]} Na4
{[%clk 0:32:14]} 17. Nb3 {[%clk 0:28:54]} Nxb2 {[%clk 0:23:32]} 18. Qxb2
{[%clk 0:29:20]} Nb4 {[%clk 0:18:49]} 19. Qd2 {[%clk 0:23:17]} Bc6
{[%clk 0:17:29]} 20. Nc5 {[%clk 0:19:15]} Bxf3 {[%clk 0:15:53]} 21. Bxf3
{[%clk 0:19:40]} Nd5 {[%clk 0:16:17]} 22. Ra2 {[%clk 0:09:26]} Bd6
{[%clk 0:10:29]} 23. Rac2 {[%clk 0:09:06]} b4 {[%clk 0:08:08]} 24. Bxd5
{[%clk 0:07:00]} exd5 {[%clk 0:08:28]} 25. Rb1 {[%clk 0:07:15]} Bxc5
{[%clk 0:07:06]} 26. Rxc5 {[%clk 0:07:41]} Rb6 {[%clk 0:01:26]} 27. Rxb4
{[%clk 0:07:22]} Rh6 {[%clk 0:01:50]} 28. Qe2 {[%clk 0:03:16]} c6
{[%clk 0:01:47]} 29. h4 {[%clk 0:03:20]} Qd7 {[%clk 0:01:57]} 30. Kg2
{[%clk 0:03:10]} Re8 {[%clk 0:02:09]} 31. Rb6 {[%clk 0:02:56]} Rf6
{[%clk 0:02:09]} 32. Qc2 {[%clk 0:02:58]} Ree6 {[%clk 0:00:37]} 33. Rcxc6
{[%clk 0:01:32]} h5 {[%clk 0:00:33]} 34. Rb8+ {[%clk 0:01:48]} Re8
{[%clk 0:00:36]} 35. Rxe8+ 1-0

[Event "Festival International d'échecs de Condom 2017"]
[Site "Condom"]
[Date "2017.07.11"]
[Round "5.2"]
[White "Bissieres, Matthieu"]
[Black "Bogdanov, Egor"]
[Result "1-0"]
[BlackElo "2292"]
[WhiteElo "2367"]
[LiveChessVersion "1.4.8"]

1. d4 {[%clk 1:30:58]} Nf6 {[%clk 1:27:13]} 2. Nf3 {[%clk 1:31:15]} g6
{[%clk 1:27:37]} 3. c4 {[%clk 1:31:37]} Bg7 {[%clk 1:28:03]} 4. g3
{[%clk 1:32:02]} O-O {[%clk 1:28:27]} 5. Bg2 {[%clk 1:32:30]} d6 {[%clk 1:28:50]}
6. O-O {[%clk 1:32:40]} Nc6 {[%clk 1:29:15]} 7. Nc3 {[%clk 1:32:44]} Bf5
{[%clk 1:29:40]} 8. Ne1 {[%clk 1:32:39]} Qc8 {[%clk 1:26:27]} 9. e4
{[%clk 1:30:34]} Bh3 {[%clk 1:26:41]} 10. Nc2 {[%clk 1:30:48]} Bxg2
{[%clk 1:27:04]} 11. Kxg2 {[%clk 1:31:12]} Ne8 {[%clk 1:22:00]} 12. Be3
{[%clk 1:23:12]} f5 {[%clk 1:22:00]} 13. d5 {[%clk 1:05:05]} Ne5 {[%clk 1:17:40]}
14. Qe2 {[%clk 1:04:12]} f4 {[%clk 0:51:59]} 15. Bxf4 {[%clk 0:55:13]} Nxc4
{[%clk 0:51:42]} 16. Qxc4 {[%clk 0:55:18]} Rxf4 {[%clk 0:52:05]} 17. Ne2
{[%clk 0:54:39]} Rf7 {[%clk 0:49:08]} 18. Ncd4 {[%clk 0:53:33]} a5
{[%clk 0:45:41]} 19. Rac1 {[%clk 0:52:43]} Ra6 {[%clk 0:45:27]} 20. Rc2
{[%clk 0:51:14]} Rb6 {[%clk 0:44:25]} 21. a3 {[%clk 0:49:25]} h5 {[%clk 0:42:59]}
22. b4 {[%clk 0:44:43]} axb4 {[%clk 0:40:21]} 23. axb4 {[%clk 0:43:12]} Qd7
{[%clk 0:40:18]} 24. b5 {[%clk 0:42:13]} h4 {[%clk 0:40:20]} 25. f3
{[%clk 0:41:02]} Be5 {[%clk 0:37:48]} 26. Rb1 {[%clk 0:33:19]} Qc8
{[%clk 0:30:58]} 27. Ne6 {[%clk 0:31:07]} Qa8 {[%clk 0:30:55]} 28. Ra2
{[%clk 0:28:42]} Qc8 {[%clk 0:31:20]} 29. Rc1 {[%clk 0:28:49]} Qd7
{[%clk 0:30:45]} 30. Ra8 {[%clk 0:28:58]} Rxb5 {[%clk 0:30:52]} 31. Rd8
{[%clk 0:28:28]} h3+ {[%clk 0:30:44]} 32. Kf2 {[%clk 0:28:04]} 1-0

[Event "Festival International d'échecs de Condom 2017"]
[Site "Condom"]
[Date "2017.07.11"]
[Round "5.3"]
[White "Kukov, Velislav"]
[Black "Said, Brih"]
[Result "1/2-1/2"]
[BlackElo "2316"]
[WhiteElo "2386"]
[LiveChessVersion "1.4.8"]

1. Nf3 {[%clk 1:30:59]} d5 {[%clk 1:30:55]} 2. g3 {[%clk 1:31:26]} Bf5
{[%clk 1:31:19]} 3. Bg2 {[%clk 1:31:51]} e6 {[%clk 1:31:40]} 4. O-O
{[%clk 1:32:09]} Nf6 {[%clk 1:32:05]} 5. d3 {[%clk 1:31:36]} Be7 {[%clk 1:32:19]}
6. Nh4 {[%clk 1:31:41]} Bg4 {[%clk 1:32:16]} 7. h3 {[%clk 1:32:06]} Bh5
{[%clk 1:32:40]} 8. f4 {[%clk 1:32:28]} Bc5+ {[%clk 1:23:41]} 9. Kh1
{[%clk 1:28:02]} Nc6 {[%clk 1:18:59]} 10. c3 {[%clk 1:24:57]} a5 {[%clk 1:14:05]}
11. Qe1 {[%clk 1:24:37]} Nd7 {[%clk 1:02:57]} 12. Nd2 {[%clk 1:05:38]} Be7
{[%clk 0:55:14]} 13. Nhf3 {[%clk 1:05:06]} f6 {[%clk 0:55:31]} 14. e4
{[%clk 0:53:03]} dxe4 {[%clk 0:55:42]} 15. Nxe4 {[%clk 0:53:13]} Bf7
{[%clk 0:53:34]} 16. d4 {[%clk 0:50:31]} O-O {[%clk 0:51:55]} 17. Be3
{[%clk 0:48:46]} h6 {[%clk 0:45:56]} 18. Qe2 {[%clk 0:44:05]} f5 {[%clk 0:40:23]}
19. Nf2 {[%clk 0:43:07]} Nb6 {[%clk 0:36:54]} 20. Nd3 {[%clk 0:39:04]} Kh7
{[%clk 0:32:03]} 21. Bf2 {[%clk 0:32:22]} Qc8 {[%clk 0:26:45]} 22. Nfe5
{[%clk 0:27:48]} Nxe5 {[%clk 0:25:34]} 23. Nxe5 {[%clk 0:28:10]} Be8
{[%clk 0:25:21]} 24. Rae1 {[%clk 0:24:29]} c5 {[%clk 0:18:09]} 25. dxc5
{[%clk 0:13:44]} Bxc5 {[%clk 0:18:33]} 26. Bxc5 {[%clk 0:05:56]} Qxc5
{[%clk 0:19:01]} 27. Rd1 {[%clk 0:05:24]} Bb5 {[%clk 0:17:03]} 28. Qf2
{[%clk 0:05:38]} Qc7 {[%clk 0:16:49]} 29. Rfe1 {[%clk 0:06:01]} Rad8
{[%clk 0:16:39]} 30. b3 {[%clk 0:06:01]} Nd7 {[%clk 0:14:54]} 31. Nxd7
{[%clk 0:02:43]} Rxd7 {[%clk 0:15:10]} 32. Rxd7 {[%clk 0:02:47]} Bxd7
{[%clk 0:15:20]} 33. Qd4 {[%clk 0:02:27]} g5 {[%clk 0:12:30]} 34. Qe5
{[%clk 0:01:40]} Qxe5 {[%clk 0:12:34]} 35. Rxe5 {[%clk 0:01:47]} gxf4
{[%clk 0:12:58]} 36. gxf4 {[%clk 0:02:01]} b6 {[%clk 0:13:20]} 37. Kg1
{[%clk 0:00:57]} Kg7 {[%clk 0:11:44]} 38. Kf2 {[%clk 0:01:20]} Kf6
{[%clk 0:12:05]} 39. Bf1 {[%clk 0:01:15]} Rc8 {[%clk 0:12:00]} 40. c4
{[%clk 0:00:35]} Rc5 {[%clk 0:11:16]} 41. Re3 {[%clk 0:00:40]} e5
{[%clk 0:05:12]} 42. Rd3 {[%clk 0:24:44]} Ke7 {[%clk 0:35:07]} 43. fxe5
{[%clk 0:21:54]} Rxe5 {[%clk 0:35:22]} 44. Bg2 {[%clk 0:21:46]} b5
{[%clk 0:35:02]} 45. cxb5 {[%clk 0:10:39]} Bxb5 {[%clk 0:34:05]} 46. Re3
{[%clk 0:06:01]} Kf6 {[%clk 0:32:21]} 47. Rxe5 {[%clk 0:06:25]} Kxe5
{[%clk 0:32:47]} 1/2-1/2

[Event "Festival International d'échecs de Condom 2017"]
[Site "Condom"]
[Date "2017.07.11"]
[Round "5.4"]
[White "Mirzoev, Emil"]
[Black "Bortnyk, Mykola"]
[Result "1/2-1/2"]
[BlackElo "2417"]
[WhiteElo "2448"]
[LiveChessVersion "1.4.8"]

1. e4 {[%clk 1:19:12]} Nf6 {[%clk 1:30:36]} 2. e5 {[%clk 1:19:32]} Nd5
{[%clk 1:31:01]} 3. Nc3 {[%clk 1:19:57]} Nxc3 {[%clk 1:30:51]} 4. dxc3
{[%clk 1:20:22]} d6 {[%clk 1:30:35]} 5. Bf4 {[%clk 1:20:11]} Nc6 {[%clk 1:28:37]}
6. exd6 {[%clk 1:15:43]} e5 {[%clk 1:25:08]} 7. Be3 {[%clk 1:15:47]} Qxd6
{[%clk 1:24:42]} 8. Qxd6 {[%clk 1:15:32]} Bxd6 {[%clk 1:25:06]} 9. O-O-O
{[%clk 1:15:57]} Bg4 {[%clk 1:23:39]} 10. Be2 {[%clk 1:16:21]} Bxe2
{[%clk 1:23:56]} 11. Nxe2 {[%clk 1:16:48]} O-O-O {[%clk 1:22:26]} 12. g4
{[%clk 1:16:45]} Be7 {[%clk 1:20:01]} 13. Ng3 {[%clk 1:17:00]} Rxd1+
{[%clk 1:19:51]} 14. Rxd1 {[%clk 1:17:23]} Rd8 {[%clk 1:20:18]} 15. h3
{[%clk 1:17:48]} Rxd1+ {[%clk 1:13:48]} 16. Kxd1 {[%clk 1:17:59]} f6
{[%clk 1:14:14]} 17. Ke2 {[%clk 1:18:23]} Kd7 {[%clk 1:14:28]} 18. Kd3
{[%clk 1:18:40]} Ke6 {[%clk 1:14:51]} 19. a3 {[%clk 1:19:05]} g6 {[%clk 1:15:11]}
20. Ke4 {[%clk 1:19:14]} 1/2-1/2

[Event "Festival International d'échecs de Condom 2017"]
[Site "Condom"]
[Date "2017.07.12"]
[Round "6.1"]
[White "Bogdanov, Egor"]
[Black "Lacroix, Romain"]
[Result "0-1"]
[BlackElo "2248"]
[WhiteElo "2292"]
[LiveChessVersion "1.4.8"]

1. e4 {[%clk 1:30:57]} d6 {[%clk 1:30:53]} 2. d4 {[%clk 1:31:20]} Nf6
{[%clk 1:31:14]} 3. Nc3 {[%clk 1:31:44]} e5 {[%clk 1:31:29]} 4. Nf3
{[%clk 1:32:05]} Nbd7 {[%clk 1:31:47]} 5. Bc4 {[%clk 1:32:23]} Be7
{[%clk 1:32:02]} 6. O-O {[%clk 1:32:31]} O-O {[%clk 1:32:15]} 7. Qe2
{[%clk 1:32:39]} c6 {[%clk 1:25:30]} 8. a4 {[%clk 1:31:13]} a5 {[%clk 1:23:45]}
9. h3 {[%clk 1:28:50]} exd4 {[%clk 1:22:22]} 10. Nxd4 {[%clk 1:27:37]} Nc5
{[%clk 1:21:18]} 11. Ba2 {[%clk 1:20:46]} Qb6 {[%clk 1:12:46]} 12. e5
{[%clk 1:13:08]} dxe5 {[%clk 1:08:11]} 13. Qxe5 {[%clk 1:13:24]} Re8
{[%clk 1:03:20]} 14. Nf5 {[%clk 1:03:23]} Bxf5 {[%clk 0:56:17]} 15. Qxf5
{[%clk 1:03:27]} Bd6 {[%clk 0:52:49]} 16. Be3 {[%clk 0:59:54]} Re5
{[%clk 0:41:29]} 17. Qf3 {[%clk 0:59:43]} Qxb2 {[%clk 0:37:25]} 18. Bd4
{[%clk 0:59:45]} Qxc2 {[%clk 0:37:19]} 19. Rac1 {[%clk 0:50:38]} Qd3
{[%clk 0:27:22]} 20. Bxe5 {[%clk 0:49:39]} Qxf3 {[%clk 0:21:44]} 21. gxf3
{[%clk 0:47:58]} Bxe5 {[%clk 0:21:49]} 22. Rfe1 {[%clk 0:46:41]} Nd3
{[%clk 0:21:28]} 23. Rxe5 {[%clk 0:44:41]} Nxe5 {[%clk 0:21:33]} 24. Rb1
{[%clk 0:44:32]} Rb8 {[%clk 0:19:52]} 25. Ne2 {[%clk 0:43:37]} Nxf3+
{[%clk 0:20:04]} 26. Kg2 {[%clk 0:44:03]} Ne5 {[%clk 0:18:14]} 27. Nd4
{[%clk 0:44:25]} Kf8 {[%clk 0:17:12]} 28. f4 {[%clk 0:44:41]} Ng6
{[%clk 0:14:46]} 29. Nxc6 {[%clk 0:43:22]} Rc8 {[%clk 0:14:42]} 30. Nd4
{[%clk 0:42:57]} Rd8 {[%clk 0:13:07]} 31. Nf3 {[%clk 0:43:07]} Nxf4+
{[%clk 0:13:25]} 32. Kg3 {[%clk 0:43:31]} Ne2+ {[%clk 0:13:05]} 33. Kf2
{[%clk 0:43:58]} Nc3 {[%clk 0:13:24]} 34. Ra1 {[%clk 0:44:06]} Nxa2
{[%clk 0:12:59]} 35. Rxa2 {[%clk 0:44:34]} Ne4+ {[%clk 0:12:47]} 0-1

[Event "Festival International d'échecs de Condom 2017"]
[Site "Condom"]
[Date "2017.07.12"]
[Round "6.2"]
[White "Said, Brih"]
[Black "Lemeaux, David"]
[Result "*"]
[BlackElo "2344"]
[WhiteElo "2316"]
[LiveChessVersion "1.4.8"]

1. e4 {[%clk 1:15:26]} c5 {[%clk 1:30:48]} 2. b3 {[%clk 1:15:51]} Nf6
{[%clk 1:29:47]} 3. e5 {[%clk 1:13:46]} Nd5 {[%clk 1:30:05]} 4. Bb2
{[%clk 1:14:10]} g6 {[%clk 1:29:53]} 5. g3 {[%clk 1:14:09]} Bg7 {[%clk 1:29:45]}
6. Bg2 {[%clk 1:14:04]} Nc7 {[%clk 1:29:37]} 7. Nf3 {[%clk 1:06:27]} Nc6
{[%clk 1:25:13]} 8. Qc1 {[%clk 1:03:01]} O-O {[%clk 1:18:46]} 9. O-O
{[%clk 1:02:53]} b6 {[%clk 1:13:17]} 10. Re1 {[%clk 1:00:10]} d5 {[%clk 1:08:59]}
11. exd6 {[%clk 0:56:26]} Qxd6 {[%clk 1:09:15]} 12. Nc3 {[%clk 0:47:14]} f6
{[%clk 1:00:49]} 13. a4 {[%clk 0:43:05]} Bb7 {[%clk 0:45:08]} 14. Nb5
{[%clk 0:37:06]} Nxb5 {[%clk 0:37:22]} 15. axb5 {[%clk 0:37:31]} Nb4
{[%clk 0:37:34]} 16. d4 {[%clk 0:36:33]} cxd4 {[%clk 0:36:03]} 17. Qd2
{[%clk 0:33:44]} a5 {[%clk 0:24:20]} 18. bxa6 {[%clk 0:30:42]} Rxa6
{[%clk 0:22:59]} 19. Rxa6 {[%clk 0:29:54]} Nxa6 {[%clk 0:23:16]} 20. Qxd4
{[%clk 0:25:25]} Qc7 {[%clk 0:22:12]} 21. Nd2 {[%clk 0:15:34]} e5
{[%clk 0:13:28]} 22. Qc4+ {[%clk 0:13:59]} Qxc4 {[%clk 0:13:44]} 23. Nxc4
{[%clk 0:14:28]} Bxg2 {[%clk 0:14:05]} 24. Kxg2 {[%clk 0:14:55]} Rc8
{[%clk 0:13:02]} 25. Ra1 {[%clk 0:08:39]} *

[Event "Festival International d'échecs de Condom 2017"]
[Site "Condom"]
[Date "2017.07.12"]
[Round "6.3"]
[White "Bissieres, Matthieu"]
[Black "Iwanesko, Alexandre"]
[Result "1-0"]
[BlackElo "2232"]
[WhiteElo "2367"]
[LiveChessVersion "1.4.8"]

1. e4 {[%clk 1:30:58]} c5 {[%clk 1:30:56]} 2. Nf3 {[%clk 1:31:19]} e6
{[%clk 1:31:22]} 3. g3 {[%clk 1:31:38]} Nc6 {[%clk 1:31:37]} 4. Bg2
{[%clk 1:31:56]} Nf6 {[%clk 1:31:58]} 5. Qe2 {[%clk 1:32:13]} Be7
{[%clk 1:31:47]} 6. e5 {[%clk 1:31:48]} Nd5 {[%clk 1:31:49]} 7. O-O
{[%clk 1:31:25]} O-O {[%clk 1:31:12]} 8. b3 {[%clk 1:20:48]} d6 {[%clk 1:24:40]}
9. exd6 {[%clk 1:16:17]} Bf6 {[%clk 1:22:52]} 10. c3 {[%clk 1:16:21]} Qxd6
{[%clk 1:22:02]} 11. Na3 {[%clk 1:16:14]} Rd8 {[%clk 1:17:36]} 12. Bb2
{[%clk 1:11:17]} b6 {[%clk 1:14:33]} 13. d4 {[%clk 1:02:04]} cxd4
{[%clk 1:14:03]} 14. cxd4 {[%clk 1:01:47]} Bb7 {[%clk 1:09:28]} 15. Nc4
{[%clk 0:56:00]} Qc7 {[%clk 1:02:37]} 16. Rac1 {[%clk 0:53:05]} Rac8
{[%clk 1:01:46]} 17. Rfd1 {[%clk 0:50:27]} Qb8 {[%clk 0:56:54]} 18. Nfe5
{[%clk 0:46:48]} Nxe5 {[%clk 0:46:20]} 19. dxe5 {[%clk 0:46:49]} Bg5
{[%clk 0:46:43]} 20. Ra1 {[%clk 0:44:30]} Be7 {[%clk 0:42:24]} 21. Qg4
{[%clk 0:43:43]} Bf8 {[%clk 0:22:40]} 22. h4 {[%clk 0:36:57]} Rc7
{[%clk 0:15:02]} 23. Nd6 {[%clk 0:33:18]} Ne3 {[%clk 0:13:59]} 24. fxe3
{[%clk 0:32:56]} Bxg2 {[%clk 0:10:36]} 25. Kxg2 {[%clk 0:26:10]} Rc2+
{[%clk 0:10:53]} 26. Kg1 Rxb2 27. Nc4 1-0

[Event "Festival International d'échecs de Condom 2017"]
[Site "Condom"]
[Date "2017.07.12"]
[Round "6.4"]
[White "Mirzoev, Emil"]
[Black "Favarel, Julien"]
[Result "*"]
[BlackElo "2234"]
[WhiteElo "2448"]
[LiveChessVersion "1.4.8"]

1. e4 {[%clk 1:30:37]} c5 {[%clk 1:24:55]} 2. Nf3 {[%clk 1:30:59]} e6
{[%clk 1:25:09]} 3. d4 {[%clk 1:31:17]} cxd4 {[%clk 1:25:35]} 4. Nxd4
{[%clk 1:31:43]} a6 {[%clk 1:25:52]} 5. c4 {[%clk 1:31:57]} Nf6 {[%clk 1:26:03]}
6. Nc3 {[%clk 1:32:20]} Bb4 {[%clk 1:26:29]} 7. Qd3 {[%clk 1:31:55]} O-O
{[%clk 1:23:00]} 8. e5 {[%clk 1:28:22]} Ne8 {[%clk 1:23:14]} 9. Bf4
{[%clk 1:08:11]} b5 {[%clk 1:12:46]} 10. Be2 {[%clk 0:36:17]} bxc4
{[%clk 1:10:16]} 11. Qxc4 {[%clk 0:36:38]} a5 {[%clk 1:10:33]} 12. O-O
{[%clk 0:36:59]} Ba6 {[%clk 1:09:56]} 13. Ndb5 {[%clk 0:29:14]} f6
{[%clk 1:00:06]} 14. a3 {[%clk 0:12:41]} Be7 {[%clk 0:55:31]} 15. Bf3
{[%clk 0:08:48]} fxe5 {[%clk 0:55:02]} 16. Bxe5 {[%clk 0:06:08]} Rxf3
{[%clk 0:54:32]} 17. gxf3 {[%clk 0:06:05]} Nc6 {[%clk 0:54:45]} 18. Bg3
{[%clk 0:06:07]} Nd6 {[%clk 0:54:30]} 19. Qd3 {[%clk 0:05:41]} Nxb5
{[%clk 0:54:17]} 20. Nxb5 {[%clk 0:06:04]} a4 {[%clk 0:54:40]} 21. b3
{[%clk 0:04:51]} Qa5 {[%clk 0:52:59]} 22. bxa4 {[%clk 0:04:37]} Qxa4 23. Rab1
{[%clk 0:04:25]} d5 {[%clk 0:52:30]} 24. Rfe1 {[%clk 0:04:06]} Bxb5
{[%clk 0:50:41]} 25. Rxb5 {[%clk 0:01:51]} Nd4 {[%clk 0:49:32]} 26. Rb8+
{[%clk 0:01:54]} Rxb8 {[%clk 0:49:59]} 27. Bxb8 {[%clk 0:02:17]} Kf7
{[%clk 0:49:17]} 28. Bg3 {[%clk 0:01:10]} Nf5 {[%clk 0:48:32]} 29. Kg2
{[%clk 0:01:00]} Qxa3 {[%clk 0:48:27]} 30. Qxa3 {[%clk 0:00:51]} Bxa3
{[%clk 0:48:56]} 31. Be5 {[%clk 0:00:56]} Ke7 {[%clk 0:48:21]} 32. Rb1
{[%clk 0:00:46]} Kf7 {[%clk 0:47:41]} 33. f4 {[%clk 0:00:54]} Be7
{[%clk 0:47:45]} 34. Kf3 {[%clk 0:00:41]} h5 {[%clk 0:48:10]} 35. Rb7
{[%clk 0:00:51]} Kg6 {[%clk 0:48:30]} 36. Rb6 {[%clk 0:00:48]} Kf7
{[%clk 0:48:59]} 37. Rb7 {[%clk 0:00:58]} Kg6 {[%clk 0:49:25]} 38. Rb6
{[%clk 0:01:01]} Kf7 {[%clk 0:49:54]} 39. h3 {[%clk 0:00:40]} Nh4+
{[%clk 0:50:09]} 40. Ke2 {[%clk 0:00:46]} Bf6 {[%clk 0:50:02]} 41. Ke3
{[%clk 0:26:55]} Bxe5 {[%clk 1:16:16]} 42. fxe5 {[%clk 0:27:35]} g5
{[%clk 1:17:15]} *